Innovative food products, technologies in the systems of food production the questions of risks and safety /

In the system of food products related risks we can observe, that not only their consumption but even their way of production contains risks. The environmental impact of food’s mass production technologies also deal a great security issue. In judgment of the technology and innovations – as opportuni...

Teljes leírás

Elmentve itt :
Bibliográfiai részletek
Szerzők: Savanya Péter
Balogh Sándor
Dokumentumtípus: Könyv része
Megjelent: 2014
Sorozat:Responsible Innovation
Kulcsszavak:Újítások - tanulmányok, Technológiai fejlődés - tanulmányok
Online Access:http://acta.bibl.u-szeged.hu/57940
LEADER 01919naa a2200205 i 4500
001 acta57940
005 20260224081030.0
008 190425s2014 hu o 000 eng d
020 |a 978-963-306-292-0 
040 |a SZTE Egyetemi Kiadványok Repozitórium  |b hun 
041 |a eng 
100 1 |a Savanya Péter 
245 1 0 |a Innovative food products, technologies in the systems of food production   |h [elektronikus dokumentum] :  |b the questions of risks and safety /  |c  Savanya Péter 
260 |c 2014 
300 |a 41-53 
490 0 |a Responsible Innovation 
520 3 |a In the system of food products related risks we can observe, that not only their consumption but even their way of production contains risks. The environmental impact of food’s mass production technologies also deal a great security issue. In judgment of the technology and innovations – as opportunities – risks and threats are developing in interaction, although there can be time diversion between them and direct negative extern impacts are taking effects in different places. In the concept of responsible innovation the most interesting question is, to secure enough time for identifying and analyzing the risks, and to accumulate necessary knowledge to judge them. The paper reviews the connection of opportunities and risks of food products and innovation in a theoretical perspective, to highlight the potential and relevant attracted fields on the level of society, nature and economy. The comparison of the risks and opportunities points out, that the benefit of innovation also contains a number of risks. Our available knowledge is only the top of the iceberg, which requires caution both from science and decision makers. 
695 |a Újítások - tanulmányok, Technológiai fejlődés - tanulmányok 
700 0 1 |a Balogh Sándor  |e aut 
856 4 0 |u http://acta.bibl.u-szeged.hu/57940/1/responsible_innovation_041-053.pdf  |z Dokumentum-elérés